000 00311nam a22001457a 4500
003 SGT
020 _a9789381082980
082 _a345,JET
100 _aJETHMALANI, RAM
245 _aTHE INDIAN PENAL CODE
260 _aINDIA
_bTHOMSON REUTERS
300 _a1478
650 _aCRIMINAL LAW
942 _2ddc
_cBK
_02
999 _c10180
_d10180